polyatomic ions quiz part 1 - Statistics

General Stats
  • This quiz has been taken 7 times
  • The average score is 13 of 24
Answer Stats
Answer % Correct
ammonium NH4+
100%
hypochlorite ClO-
71%
chlorite ClO2-
71%
chlorate ClO3-
71%
nitrite NO2-
71%
nitrate NO3-
71%
hydroxide OH-
71%
hypobromite BrO-
57%
bromite BrO2-
57%
bromate BrO3-
57%
perbromate BrO4-
57%
perchlorate ClO4-
57%
cyanide CN-
57%
dihydrogen phosphite H2PO3-
57%
dihydrogen phosphate H2PO4-
57%
hydrogen sulfate HSO4-
57%
hydrogen carbonate HCO3-
43%
hydrogen sulfite HSO3-
43%
permaganate MnO4-
43%
acetate CH3COO-
29%
cyanate CNO-
29%
hydronium H30+
14%
mercury(I) Hg22+
14%
thiocynate CNS-
0%
No matching quizzes found
Score Distribution
Percent of People with Each Score
Percentile by Number Answered
Your Score History
You have not taken this quiz